| 000 | 01013aab a2200193 i 4500 | ||
|---|---|---|---|
| 001 | 768714001 | ||
| 003 | CO-MdFUSB | ||
| 005 | 20240326114344.0 | ||
| 008 | 240318t1992 ag ||||| |||| 00| 0 spa d | ||
| 040 |
_bspa _cCO-MdFUSB |
||
| 041 | _aspa | ||
| 100 | 1 |
_aRooy, Sidney _eautor |
|
| 245 | 1 | 3 |
_aLa llegada de los africanos a América Latina _c/ Sidney Rooy |
| 300 |
_aVolumen 12, número 1 (enero - marzo, 1993), páginas: 13 - 16 _c; 27 cm |
||
| 520 | _aEste artículo habla sobre la llegada de los africanos a América Latina, el trato que recibían, la "misión" de la iglesia y la actitud de los esclavos. La trata de los esclavos significó la incorporación de sangre africana en todo el Caribe y el continente americano. En los países católicos y protestantes, la iglesia oficial aceptó la "necesidad" de la mano de obra esclavista. | ||
| 653 | _aEsclavitud | ||
| 773 | 0 |
_tIglesia y Misión _049402 _959656 _gVolumen 12, número 1 (enero - marzo, 1993), páginas: 13 - 16 _qpáginas: 13 |
|
| 942 | _cANA | ||
| 999 |
_c51987 _d51987 |
||